书目信息 |
| 题名: |
离异家庭子女心理
|
|
| 作者: | 傅安球 , 史莉芳 著 | |
| 分册: | ||
| 出版信息: | 杭州 浙江教育出版社 1993 |
|
| 页数: | 281页 | |
| 开本: | 20cm | |
| 丛书名: | 儿童青少年心理学丛书 | |
| 单 册: | ||
| 中图分类: | B844.2 , C913.13 | |
| 科图分类: | ||
| 主题词: | 离婚--影响--青少年心理学 , 青少年心理学--影响因素--离婚 | |
| 电子资源: | ||
| ISBN: | 7-5338-1116-X | |
| 000 | 01031nam2 2200301 450 | |
| 001 | 1555712455 | |
| 005 | 20150124152900.21 | |
| 010 | @a7-5338-1116-X@dCNY11.50 | |
| 100 | @a20021005e19961993kemy0chiy0110 ea | |
| 101 | 0 | @achi |
| 102 | @aCN@b330000 | |
| 105 | @ay z 000yy | |
| 200 | 1 | @a离异家庭子女心理@9li yi jia ting zi nv xin li@f傅安球,史莉芳[著] |
| 210 | @a杭州@c浙江教育出版社@d1993@h1996重印 | |
| 215 | @a281页@d20cm | |
| 225 | 2 | @a儿童青少年心理学丛书 |
| 300 | @a中华人民共和国新闻出版署“八五”规划重点图书 全国妇联重点科研项目 | |
| 300 | @a丛书获第二届国家图书奖提名奖 第八届中国图书奖 | |
| 461 | 0 | @12001 @a儿童青少年心理学丛书 |
| 510 | 1 | @aThe characteristics of children's psychological development in broken family@zeng |
| 606 | 0 | @a离婚@x影响@x青少年心理学 |
| 606 | 0 | @a青少年心理学@x影响因素@x离婚 |
| 690 | @aB844.2@v5 | |
| 690 | @aC913.13@v5 | |
| 701 | 0 | @a傅安球@9fu an qiu@f(1941~)@4著 |
| 701 | 0 | @a史莉芳@9shi li fang@4著 |
| 801 | 0 | @aCN@bTSSF@c20150115 |
| 905 | @aZUCC@dB844.2@eJY20 | |
| 离异家庭子女心理/傅安球,史莉芳[著].-杭州:浙江教育出版社,1993(1996重印) |
| 281页;20cm.-(儿童青少年心理学丛书) |
| 中华人民共和国新闻出版署“八五”规划重点图书 全国妇联重点科研项目.-丛书获第二届国家图书奖提名奖 第八届中国图书奖 |
| ISBN 7-5338-1116-X:CNY11.50 |
| ● |
| 相关链接 |
|
|
|
|
正题名:离异家庭子女心理
索取号:B844.2/JY20
 
预约/预借
| 序号 | 登录号 | 条形码 | 馆藏地/架位号 | 状态 | 备注 |
| 1 | 7858060 | 278580607 | 学院路分馆/ [索取号:B844.2/JY20] | 在馆 |